000
00284nam a22001337a 4500
008
170529b xxu||||| |||| 00| 0 eng d
020
_a
9780521775267
041
_a
eng
080
_a
621
100
_a
25
101
_a
IM
245
_a
MACHINE DREAMS
_c
MIROWSKI, P
942
_2
udc
_c
BK
999
_c
14778
_d
14778